000 00418nam a2200157Ia 4500
008 230312s9999||||xx |||||||||||||| ||und||
020 _a0-534-60246-0
082 _a519.5
_bGRA
100 _aGravetter, Frederick J
245 0 _aStatistics for the Behavioral Sciences
260 _bSouth Western Pub.
_aNew York
_c2004
300 _a746
546 _aEng.
650 _aEconomics
_vPopulation and samples
942 _cBK
999 _c2141
_d2141